A Cidade Educadora como referente da organización e intervención municipal : estudio de casos / estudio de casos /
Descripción Física:
100 pàgines no numerades ; 30 cm
Idioma:
Español
MARC
| LEADER | 00000nam a2200000 a 4500 | ||
|---|---|---|---|
| 001 | 26497 | ||
| 008 | 220818s1998 spa||||| |||| 00| 0 spa d | ||
| 080 | |a Bib-910 | ||
| 100 | 1 | |9 54226 |a Caballo Villar, Mª Belén | |
| 245 | 1 | 2 | |a A Cidade Educadora como referente da organización e intervención municipal : |b estudio de casos / |c Mª Belén Caballo Villar |
| 260 | |a [Sense lloc de publicació] : |b l'autora, |c 1998? | ||
| 300 | |a 100 pàgines no numerades ; |c 30 cm | ||
| 650 | 0 | |9 25969 |a Educació | |
| 650 | 0 | |9 49906 |a Ciutadania | |
| 942 | |2 udc |c ARXIU |n 1 | ||
| 952 | |0 0 |1 0 |4 0 |6 BIB910 |7 1 |9 63488 |a Arxiu |b Arxiu |d 2022-08-18 |l 0 |o Bib-910 |p 26497 |r 2022-08-18 00:00:00 |w 2022-08-18 |y ARXIU | ||
| 999 | |c 82605 |d 82605 | ||